[Event "4Springare Autumn-IM 2019"]
[Site "Stockholm"]
[Date "2019.10.19"]
[Round "1.1"]
[White "Papunidi, Matvey"]
[Black "Vainerchuk, Barys"]
[Result "0-1"]
[WhiteElo "2083"]
[BlackElo "2136"]
[Annotator "TA"]
[PlyCount "46"]
[EventDate "2019.10.19"]
[EventType "tourn"]
[EventRounds "9"]
[EventCountry "SWE"]
[SourceTitle "playchess.com"]
[Source "ChessBase"]
[SourceQuality "1"]

{[%evp 11,46,57,46,43,80,35,34,23,29,0,0,23,66,0,25,23,120,6,10,6,3,-51,-37,-74,-79,-446,-446,-475,-467,-462,-447,-587,-481,-703,-701,-876,-895]} 1. c4 (1. d4 Nf6 2. c4 g6 3. Nc3 Bg7 4. e4 d6 5. f4 O-O 6. Nf3 c5 7. d5 e6 8. Bd3 exd5 9. cxd5 Re8 10. O-O {½-½ (10) Csizmadia,L (2370)-Soos,A (2366) Hungary 2016}) 1... Nf6 2. Nc3 e6 3. e4 d6 4. d4 g6 5. f4 Bg7 6. Nf3 O-O 7. Bd3 {E76: King's Indian: Four Pawns Attack: Lines specific to 6 Nf3 move-order} Nbd7 8. O-O c5 9. d5 {White is slightly better.} exd5 10. cxd5 Re8 11. Re1 Qc7 12. Nb5 $146 ({Predecessor:} 12. h3 a6 13. a4 c4 14. Bc2 b6 15. Re2 {0-1 (27) Baberz,A (1805)-Kololli,K (1746) Verden 2012}) 12... Qb6 {Strongly threatening ...c4+.} 13. a4 {And now a5 would win.} a5 (13... c4+ $1 $11 14. Be3 Nc5 15. Bxc4 Rxe4) 14. h3 (14. Bc2 $16) 14... c4+ $1 $11 15. Be3 Nc5 {[%mdl 64] Double Attack} 16. Bxc4 ({White should play} 16. Bc2 $11 Bd7 17. Nc3) 16... Rxe4 $15 17. Bf1 Bd7 18. Nd2 $2 {[%mdl 8192] [#]} (18. Kh2 $17 {nothing else works.}) 18... Rxe3 $1 $19 {[%mdl 512] Black is clearly winning.} 19. Rxe3 {[#] Nc4 is the strong threat.} Nxa4 $1 {[%mdl 576] Discovered Attack} 20. Nc4 (20. Rxa4 Qxe3+) 20... Qxb5 {[%mdl 64] Double Attack} 21. Kh2 Qc5 {Threatens to win with ...Nxb2!} 22. Re7 (22. Qd2 $142) 22... b5 23. b4 Qxb4 {Accuracy: White = 19%, Black = 63%.} 0-1

[Event "4Springare Autumn-IM 2019"]
[Site "Stockholm"]
[Date "2019.10.19"]
[Round "1.2"]
[White "Mattsson, Michael"]
[Black "Poley, Vladimir"]
[Result "0-1"]
[WhiteElo "2035"]
[BlackElo "2298"]
[Annotator "TA"]
[PlyCount "78"]
[EventDate "2019.10.19"]
[EventType "tourn"]
[EventRounds "9"]
[EventCountry "SWE"]
[SourceTitle "playchess.com"]
[Source "ChessBase"]
[SourceQuality "1"]

{[%evp 9,78,58,93,81,93,108,145,90,74,80,65,72,73,62,71,77,74,-20,-12,-11,-11,-9,-14,-8,0,0,0,0,0,-1,0,-31,-22,-19,-18,-19,88,79,83,86,127,0,0,0,27,10,11,11,8,10,7,12,16,-125,-129,-122,-126,-122,-62,-120,-100,-188,-188,-188,-188,-194,-202,-760,-758,-669,-633]} 1. e4 g6 2. d4 c6 3. Nc3 d5 4. Bf4 Qb6 (4... Bg7 5. Nf3 Bg4 6. h3 Bxf3 7. Qxf3 dxe4 8. Nxe4 Qxd4 9. c3 Qa4 10. Rd1 Nf6 11. Nc5 Qxa2 12. Bxb8 Rxb8 13. Qf4 {0-1 (37) Idani,P (2476)-Mirzoev,A (2536) Pardubice 2013}) 5. exd5 Qxb2 $146 ({Predecessor:} 5... Bg7 6. Be5 Nf6 7. dxc6 Nxc6 8. Bb5 O-O 9. Bxc6 bxc6 10. Na4 Qb5 11. b3 Bh6 12. Ne2 {½-½ (44) Nafiri,K (2230)-Amdouni,Z (2338) Cairo 2015}) 6. Nge2 {Hoping for Rb1. B15: Caro-Kann: 3 Nc3: 3...g6 and 3...dxe4 4 Nxe4 Nf6 5 Nxf6+ exf6} Qa3 7. Rb1 {Black must now prevent dxc6.} Nd7 8. dxc6 (8. g4 $142) 8... bxc6 $16 9. g3 Ba6 10. Bg2 Rc8 11. O-O Ngf6 12. Re1 Bg7 13. d5 (13. Rb3 $16 Qa5 14. Qc1) 13... cxd5 $11 14. Nxd5 Nxd5 15. Qxd5 {Nd4 is the strong threat.} Nb6 16. Qb3 Qxb3 (16... Qa5 {is more complex.} 17. Qe3 O-O 18. Qxe7 Bc4 19. Be3 Rfe8) 17. cxb3 Rc2 18. Rbd1 O-O $1 ({Of course not} 18... Bxe2 $6 19. Rxe2 $1 {[%mdl 512]} Rc3 20. a4 $16) 19. Nc1 Re8 20. a4 Bc3 21. Be4 Rb2 22. Re3 Bd2 (22... Rd2 $11 {keeps the balance.} 23. Rd3 Bxd3 24. Bxd2 Bxe4 25. Bxc3 Rc8) 23. Be5 $16 Bxe3 24. fxe3 Nxa4 ({Don't go for} 24... Be2 $2 25. Re1 $18) 25. bxa4 (25. Bxb2 $16 Nxb2 26. Rd2) 25... Rb4 $36 {[%mdl 2048] White is under pressure.} 26. Rd4 Rxd4 (26... Rb2 {is interesting.} 27. Rd7 Rb4 28. Rd4) 27. Bxd4 Rc8 28. Nd3 Rc4 29. Nb2 Rc7 30. Kf2 f6 {Strongly threatening ...e5.} 31. Bd5+ (31. Nd1 $11) 31... Kg7 $17 {[%mdl 1024] And now ...e5 would win. Black has strong compensation.} 32. Nd1 Rc2+ 33. Kg1 {[#]} Rc1 (33... Bc4 $1 $17 {[%cal Rc4d5]} 34. Bxc4 Rxc4) 34. Bf3 ({Better is} 34. Bb3 $1 $15) 34... e5 35. Bxa7 (35. Bb2 $17 {might work better.} Rc2 36. Ba3) 35... Bd3 $19 36. Kg2 {[#]} e4 $1 {[%cal Re4f3]} 37. Bg4 h5 38. Nf2 $2 (38. Bd7) 38... Bf1+ 39. Kg1 hxg4 {Accuracy: White = 48%, Black = 71%.} 0-1

[Event "4Springare Autumn-IM 2019"]
[Site "Stockholm"]
[Date "2019.10.19"]
[Round "1.3"]
[White "Mirzoev, Emil"]
[Black "Roshka, Yevgeniy"]
[Result "0-1"]
[WhiteElo "2455"]
[BlackElo "2369"]
[Annotator "TA"]
[PlyCount "108"]
[EventDate "2019.10.19"]
[EventType "tourn"]
[EventRounds "9"]
[EventCountry "SWE"]
[SourceTitle "playchess.com"]
[Source "ChessBase"]
[SourceQuality "1"]

{[%evp 9,108,13,82,39,27,35,25,33,21,20,36,-10,-4,0,-5,-22,5,5,18,0,0,0,4,8,11,11,13,14,18,9,12,8,32,-28,-28,-35,-25,-33,-24,-63,0,-58,-20,-71,0,-91,-66,-125,-129,-130,-125,-131,-75,-121,-122,-126,-132,-126,0,0,0,-77,-55,-41,0,0,0,-22,0,-232,-217,-295,-277,-226,-186,-216,-216,-291,-277,-952,-889,-993,-946,-621,-491,-29962,-29947,-29982,-29983,-29980,-29981,-29985,-429,-29986,-29987,-29987,-29988,-29989,-29989,-29992,-29993]} 1. e4 c6 2. d4 d5 3. Nc3 g6 4. Nf3 Bg7 5. e5 Nh6 (5... Bg4 $11) 6. h3 {B15: Caro-Kann: 3 Nc3: 3...g6 and 3...dxe4 4 Nxe4 Nf6 5 Nxf6+ exf6} f6 (6... O-O 7. Be2 f6 8. O-O Nf7 9. Bf4 e6 10. exf6 Qxf6 11. Qd2 Nd7 12. Rae1 e5 13. dxe5 Ndxe5 14. Nxe5 Nxe5 {1-0 (46) Gunina,V (2506)-Khotenashvili,B (2476) Hengshui 2019}) 7. exf6 exf6 8. Bd3 {White has an edge.} O-O 9. O-O Nd7 10. Bxh6 $146 ({Predecessor:} 10. Ne2 Nb6 11. b3 Re8 12. Re1 Be6 13. a4 a5 {0-1 (54) Guttulsrud,O (2177)-Gabrielsen,S (2330) Norway 2012}) 10... Bxh6 11. Ne2 Nb6 12. c3 Qd6 13. Qc2 Kg7 14. Rae1 Bd7 15. b3 Rae8 16. c4 {And now c5 would win.} dxc4 17. bxc4 {Hoping for c5.} c5 18. d5 f5 19. Nc3 Kg8 20. Rxe8 (20. Rb1 {with more complications.} Qb8 21. Qb3 Bg7 22. Rfd1 Bf6 23. a4) 20... Rxe8 21. Re1 (21. Rb1 $14) 21... Rxe1+ $11 22. Nxe1 Bg7 23. Nf3 Qf6 24. Ne2 Nc8 ({Better is} 24... Qa1+ $15 25. Kh2 Nc8) 25. g3 (25. Qd2 $1 $11) 25... Nd6 26. Kg2 {[#]} (26. Qd2 $11 {keeps the balance.}) 26... a6 (26... Qb2 $1 $17 {aiming for ...Qxc2.} 27. Qb3 a6) 27. h4 {[#]} (27. Qc1 $11) 27... Qb2 $1 $17 28. Qxb2 (28. Qb3 $15) 28... Bxb2 29. Nd2 b5 30. Kf1 Ba3 (30... Kf7 $142 31. Nf4 Bc3) 31. Ke1 Bb4 32. Kd1 bxc4 33. Nxc4 Ne4 (33... Ba4+ $17 34. Kc1 Nxc4 35. Bxc4 Bb5 36. Bxb5 axb5) 34. Bxe4 $1 $11 fxe4 {[%mdl 4096] Endgame KBB-KNN} 35. Nc1 (35. Nf4 $11 {remains equal.}) 35... Ba4+ 36. Nb3 Kf8 37. Nb6 $1 {[%cal Rb6a4]} Bb5 {White must now prevent ...Ke7.} 38. d6 Ke8 39. Nd5 $2 (39. Nd2 $11 {and White has nothing to worry.}) 39... Kd7 $19 40. Nxb4 cxb4 {KB-KN} 41. Nc5+ Kxd6 42. Nxe4+ Ke5 43. Ng5 Bc4 44. Nxh7 $2 (44. a3 bxa3 45. Kc2) 44... Bxa2 45. Ng5 a5 {[%cal Ba6a5,Ba5a4,Ba4a3][%mdl 32]} 46. Nf3+ Ke4 47. Nd2+ (47. Ne1 $19 a4 48. Kc1) 47... Kd3 48. g4 a4 49. h5 gxh5 50. gxh5 Bg8 (50... a3 $142 51. Kc1 Bf7 52. f3 a2 53. Kb2 Kxd2 54. h6 Bg8 55. h7 Bxh7 56. Kb3 a1=Q 57. Kxb4 Qe5 58. Kc4 Bd3+ 59. Kb4 Qb5+ 60. Ka3 Bc4 61. f4 Qb3#) 51. h6 (51. Nb1 $19 Ke4 52. Kc2) 51... a3 {Black mates.} 52. h7 Bxh7 53. Kc1 Kc3 54. Nb1+ Bxb1 {Accuracy: White = 31%, Black = 54%.} 0-1

[Event "4Springare Autumn-IM 2019"]
[Site "Stockholm"]
[Date "2019.10.19"]
[Round "1.4"]
[White "Peng, Li Min"]
[Black "Bogdanov, Egor"]
[Result "1/2-1/2"]
[WhiteElo "2454"]
[BlackElo "2409"]
[Annotator "TA"]
[PlyCount "64"]
[EventDate "2019.10.19"]
[EventType "tourn"]
[EventRounds "9"]
[EventCountry "SWE"]
[SourceTitle "playchess.com"]
[Source "ChessBase"]
[SourceQuality "1"]

{[%evp 18,64,-1,-9,55,42,48,10,17,12,9,9,20,0,-12,-3,-9,-27,16,11,11,11,12,10,12,17,31,0,37,35,28,42,94,94,93,85,81,75,80,58,47,5,58,0,139,137,175,96,101]} 1. e4 e5 2. Nf3 Nc6 3. Bb5 a6 4. Bxc6 dxc6 5. O-O Bg4 6. h3 h5 7. d3 Qf6 8. Nbd2 Ne7 9. Re1 Ng6 10. d4 Bxf3 {C68: Ruy Lopez: Exchange Variation, sidelines} (10... Bd6 $11) (10... Nf4 11. dxe5 Qg6 12. Nh4 Bxd1 13. Nxg6 Nxg6 14. Rxd1 O-O-O 15. e6 fxe6 16. Re1 Ne5 17. Nb3 Be7 18. Bd2 g5 {1-0 (48) Solak,D (2628)-Adams,M (2744) Reykjavik 2015}) 11. Nxf3 $14 Be7 12. dxe5 Nxe5 {The position is equal.} 13. Nxe5 Qxe5 14. f4 Qd6 $146 (14... Bc5+ {seems wilder.} 15. Kh2 Qf6 16. c3 g6 17. a4 Rd8) ({Predecessor:} 14... Qf6 15. c3 Bc5+ 16. Kh1 Qh4 17. Qe2 {0-1 (38) Sikkel,D (1970)-Rolle,E (2183) Bregenz 2018}) 15. Qf3 (15. Qxd6 {keeps more tension.} cxd6 16. g3 Bf6 17. Kg2 Rg8 18. h4) 15... O-O-O 16. Be3 Qb4 17. b3 $1 Bc5 18. Bxc5 Qxc5+ {[%mdl 64] [#] Double Attack} 19. Qf2 $1 {[%cal Rf2c5]} Qxf2+ 20. Kxf2 $11 {[%mdl 4096] Endgame KRR-KRR} Rd2+ 21. Re2 $1 {[%cal Re2d2]} Rhd8 22. Ke3 Rxe2+ 23. Kxe2 {KR-KR} Rd4 24. Ke3 c5 (24... Rd6 $14) 25. g4 $16 hxg4 26. hxg4 Kd7 27. Rh1 Ke7 28. Rh5 b6 29. Re5+ Kd6 (29... Kf8 $11) 30. c4 (30. Re8 $14) 30... c6 (30... Rd1 $11) 31. Re8 Kd7 32. Ra8 ({White should try} 32. Rf8 $18 Ke7 33. Rc8) 32... b5 {Accuracy: White = 48%, Black = 45%.} 1/2-1/2

[Event "4Springare Autumn-IM 2019"]
[Site "Stockholm"]
[Date "2019.10.19"]
[Round "1.5"]
[White "Krzywda, Andrzej"]
[Black "Kononenko, Dmitry"]
[Result "1/2-1/2"]
[WhiteElo "2175"]
[BlackElo "2613"]
[Annotator "TA"]
[PlyCount "71"]
[EventDate "2019.10.19"]
[EventType "tourn"]
[EventRounds "9"]
[EventCountry "SWE"]
[SourceTitle "playchess.com"]
[Source "ChessBase"]
[SourceQuality "1"]

{[%evp 19,71,10,2,14,6,0,10,11,16,0,15,10,8,26,14,11,45,48,46,53,54,58,57,56,47,41,41,-23,-12,-23,-22,-61,-59,-52,0,0,0,0,0,0,0,0,0,0,0,0,0,0,0,0,0,0,0,0]} 1. d4 Nf6 2. c4 e6 3. g3 d5 4. Nf3 Bb4+ 5. Bd2 Be7 6. Bg2 O-O 7. O-O c6 8. Qc2 Nbd7 9. Rd1 b6 10. b3 Ba6 11. Bc3 {E15: Queen's Indian: 4 g3 sidelines, 4 g3 Ba6 and 4 g3 Bb7 early deviations} (11. Bf4 Rc8 12. Nc3 dxc4 13. e4 Bb4 14. Nd2 Qe7 15. Nxc4 Bxc4 16. bxc4 e5 17. dxe5 Nxe5 18. Ne2 Bc5 19. Nd4 Rfd8 20. Nb3 h6 21. Nxc5 Qxc5 22. Rac1 Rxd1+ 23. Qxd1 Re8 24. h3 Qa3 25. Rc2 Qd3 26. Rd2 Qxc4 {½-½ (26) Van Wely,L (2604)-Bok,B (2638) Maastricht 2019}) 11... Rc8 12. Nbd2 c5 13. Rac1 dxc4 14. bxc4 b5 $146 ({Predecessor:} 14... Qc7 15. a4 Rfd8 16. e3 Bb7 17. a5 cxd4 18. axb6 Nxb6 19. Bxd4 {½-½ (59) Schneider,K (2266)-Klochan,P (2246) ICCF email 2013}) 15. dxc5 Bxc5 16. Ne4 Nxe4 17. Qxe4 {[#] Black must now prevent Ne5.} Nf6 18. Qh4 Qe7 19. Ne5 Bb7 20. Nd7 Nxd7 21. Qxe7 ({Of course not} 21. Bxb7 Qxh4 22. gxh4 Rc7 $15) 21... Bxe7 22. Rxd7 Bxg2 23. Kxg2 (23. Rxe7 $14 Bc6 24. Rxa7) 23... Ba3 $11 24. Rcd1 Rxc4 25. R1d3 Bc5 26. Rb7 b4 (26... a6 $15) 27. Be5 {aiming for Rc7.The position is equal.} Re4 28. Bd6 Bxd6 29. Rxd6 Rxe2 30. Rxa7 {[%mdl 4096] Endgame KRR-KRR} g5 31. Rb6 Rb2 32. Ra4 Rc8 {[#] Hoping for ...Rcc2!} 33. Rbxb4 Rxb4 34. Rxb4 Rc2 35. a4 Ra2 36. h4 {Accuracy: White = 59%, Black = 71%.} 1/2-1/2

[Event "4Springare Autumn-IM 2019"]
[Site "Stockholm"]
[Date "2019.10.21"]
[Round "2.1"]
[White "Vainerchuk, Barys"]
[Black "Kononenko, Dmitry"]
[Result "0-1"]
[WhiteElo "2136"]
[BlackElo "2613"]
[Annotator "TA"]
[PlyCount "64"]
[EventDate "2019.10.19"]
[EventType "tourn"]
[EventRounds "9"]
[EventCountry "SWE"]
[SourceTitle "playchess.com"]
[Source "ChessBase"]
[SourceQuality "1"]

{[%evp 10,102,21,22,23,0,0,-3,34,34,35,26,48,55,49,49,48,33,41,42,33,-33,0,-48,-31,-31,-28,-47,-36,-176,-155,-153,-87,-74,-91,-100,0,0,0,-8,-8,-39,-8,-8,-8,-8,-8,-8,-5,-8,-8,-3,-8,-21,0,-226,-158,-174,-146,-349,-327,-405,-389,-368,-366,-857,-814,-782,-733,-775,-712,-850,-588,-1337,-1711,-1527,-1650,-1689,-1727,-1662,-1581,-1229,-1156,-1553,-1466,-1550,-1501,-1418,-1321,-1136,-1044,-5089,-4566,-1193,-1144]} 1. e4 c6 2. d4 d5 3. e5 Bf5 4. Nd2 e6 5. Nb3 Nd7 6. Nf3 c5 {B12: Caro-Kann: Advance Variation} (6... Ne7 7. Be2 h6 8. a4 Qc7 9. O-O g5 10. a5 O-O-O 11. Bd2 a6 12. c4 dxc4 13. Bxc4 Nd5 14. Qe2 {0-1 (38) Movsesian,S (2629)-Shankland,S (2725) chess.com INT 2019}) 7. c3 c4 8. Nbd2 $1 Ne7 {The position is equal.} 9. Nh4 $146 ({Predecessor:} 9. b3 b5 10. Ba3 Nc6 11. Bxf8 Nxf8 12. Qc1 Qa5 13. b4 Qd8 14. a4 {0-1 (30) Poirot,E (1499)-Michon,G (1370) Blagny 2011}) 9... b5 10. Be2 Bg6 11. Nxg6 hxg6 12. Nf3 Nc6 13. Bg5 Be7 14. Bxe7 Qxe7 15. b4 (15. O-O $14) 15... Nb6 16. Qd2 a5 17. bxa5 Rxa5 18. O-O $1 O-O 19. Qf4 (19. Rfb1 $1 $15) 19... Rfa8 20. Ng5 {[#] With the idea Qh4.} f6 ({Better is} 20... Nd7 $1 21. Rfb1 Rxa2 22. Rxa2 Rxa2) 21. exf6 $17 gxf6 22. Nh3 Rxa2 (22... Ra3 $17 {...Na4 is the strong threat.} 23. Qd2 Na4) 23. Rae1 $1 $11 Nd7 24. Bf3 Qf7 25. Qd6 $1 R2a6 {And now ...Nxd4! would win.} (25... Nd8 {is more complex.} 26. Nf4 R2a6 27. Qb4 R8a7 28. h4 Rb6) 26. Qxe6 Qxe6 27. Rxe6 {[#]} Nxd4 $1 {[%mdl 576] Discovered Attack} 28. cxd4 Rxe6 29. Bxd5 {[%mdl 64] Double Attack} Raa6 {aiming for ...Rad6.} 30. Nf4 {[%mdl 64] Pin} Nf8 31. Re1 $1 {[%mdl 64] Pin} Kf7 {Threatens to win with ...g5.} 32. g4 $2 (32. Kf1 $11 {and White stays safe.}) 32... g5 {Played: Ra6-d6} 0-1

[Event "4Springare Autumn-IM 2019"]
[Site "Stockholm"]
[Date "2019.10.21"]
[Round "2.2"]
[White "Bogdanov, Egor"]
[Black "Krzywda, Andrzej"]
[Result "1-0"]
[WhiteElo "2409"]
[BlackElo "2175"]
[Annotator "TA"]
[PlyCount "107"]
[EventDate "2019.10.19"]
[EventType "tourn"]
[EventRounds "9"]
[EventCountry "SWE"]
[SourceTitle "playchess.com"]
[Source "ChessBase"]
[SourceQuality "1"]

{[%evp 19,107,17,29,21,23,23,46,0,0,-22,-25,-26,-26,-27,14,0,0,-10,-11,-44,-28,-29,-29,-42,-25,-29,-25,-33,-22,-24,-28,-29,-19,-23,-8,-24,-16,-21,0,-8,0,0,0,0,47,47,77,95,63,69,208,168,309,289,217,237,847,554,4710,4710,4610,4588,2115,1704,4710,4710,29964,29960,29977,29978,29978,29978,29976,29974,29977,29978,29978,29979,29978,29979,29976,29976,29988,29989,29987,4134,6315,6245,5632,5306]} 1. e4 c6 2. d4 d5 3. exd5 cxd5 4. c4 Nf6 5. Nc3 Nc6 6. Nf3 g6 7. cxd5 Nxd5 8. Qb3 Nxc3 9. Bc4 e6 10. bxc3 Bg7 11. Ba3 {Hoping for d5. A35: Symmetrical English: 2 Nc3 Nc6 3 Nf3} Na5 12. Bb5+ Bd7 13. Qa4 $146 {White is slightly better.} (13. Qb2 {looks sharper.} b6 14. Ba6 Bf8 15. d5 Bxa3 16. Qxa3 Qe7 17. d6) ({Predecessor:} 13. Qb4 b6 14. Ne5 Bxe5 15. dxe5 Bxb5 16. Qxb5+ Qd7 17. Qxd7+ Kxd7 {½-½ (31) Bluebaum,M (2643)-Lupulescu,C (2620) Germany 2018}) 13... Nc6 14. O-O {Black must now prevent d5!} a6 15. Bxc6 $1 Bxc6 16. Qb3 Qc7 (16... Bxf3 $5 17. gxf3 Qg5+ 18. Kh1 b5 $11) 17. Bc5 Bxf3 18. gxf3 Bf8 19. Bxf8 (19. Bb6 {keeps more tension.} Qe7 20. Rfd1 Qg5+ 21. Kf1 Bd6 22. d5) 19... Kxf8 20. c4 Kg7 21. d5 Rhe8 22. Rad1 exd5 23. cxd5 Rad8 24. Rfe1 Rxe1+ 25. Rxe1 $11 {[%mdl 4096] Endgame KQR-KQR} Qf4 26. Rd1 Rd6 27. Qe3 Qf6 28. f4 h6 29. Kg2 b5 30. Qe5 a5 31. Kf3 b4 32. Ke4 $36 {[%mdl 2048] White is pushing.} a4 33. Rb1 Rb6 34. Kd4 $1 {[%cal Rd4c5] Kc5 is the strong threat.} b3 (34... Rb8 $1 $14) 35. axb3 $1 $18 Rb4+ (35... axb3 $142 36. Kc3 Rb7) 36. Kc5 Rxb3 37. Rd1 $1 a3 $2 (37... Qxe5 38. fxe5 Kf8) 38. d6 a2 39. Qxf6+ Kxf6 {[#] KR-KR} 40. d7 $1 {[%cal Rd7d8]} Rb8 41. Kc6 Ra8 42. Kb7 a1=Q 43. Rxa1 Rxa1 44. d8=Q+ {KQ-KR} Kf5 45. Qd5+ Kg4 46. Qxf7 Rb1+ 47. Kc6 Rc1+ 48. Kd5 Rd1+ 49. Ke4 Re1+ 50. Kd3 Rd1+ {[#]} 51. Ke2 $1 Rd6 {[#]} 52. Qb3 (52. h3+ $142 $1 Kxh3 53. f5 Rc6 54. fxg6 Rc2+ 55. Ke3 Rc3+ 56. Kd4 Ra3 57. g7) 52... Kf5 53. Qh3+ {[%mdl 64] Double Attack} Kf6 54. Qxh6 {Accuracy: White = 80%, Black = 24%.} 1-0

[Event "4Springare Autumn-IM 2019"]
[Site "Stockholm"]
[Date "2019.10.21"]
[Round "2.3"]
[White "Roshka, Yevgeniy"]
[Black "Peng, Li Min"]
[Result "1-0"]
[WhiteElo "2369"]
[BlackElo "2454"]
[Annotator "TA"]
[PlyCount "175"]
[EventDate "2019.10.19"]
[EventType "tourn"]
[EventRounds "9"]
[EventCountry "SWE"]
[SourceTitle "playchess.com"]
[Source "ChessBase"]
[SourceQuality "1"]

{[%evp 9,175,-27,-7,-60,-13,-44,21,8,5,0,11,-28,-33,-47,0,0,0,0,-13,-64,52,40,86,89,88,56,71,0,87,81,104,102,100,0,103,89,95,97,199,193,200,210,198,205,210,203,194,201,198,193,194,194,191,168,535,184,184,185,183,115,207,201,205,205,242,136,135,132,133,131,135,131,138,128,137,112,116,111,111,84,291,165,157,160,162,161,291,296,269,314,313,303,320,301,332,325,312,310,303,295,293,257,275,121,121,119,122,89,92,9,116,116,113,28,116,89,116,116,12834,118,12837,12837,12850,12851,12851,12851,12851,12851,12851,12851,12851,12851,12851,12851,12851,12851,12851,12851,12851,12851,12851,12851,12851,27999,12851,27999,12851,27999,12851,27999,12851,27999,12851,29985,12851,29988,12851,29990,12851,27999,12851,29982,12851,27999,12851,27999,12851,27999]} 1. b3 e5 2. Bb2 Nc6 3. e3 d5 4. Bb5 Bd6 5. f4 f6 $1 6. fxe5 {A01: Nimzowitsch-Larsen Opening} (6. Nc3 $11) 6... fxe5 $15 7. Nf3 (7. Bxc6+ bxc6 8. Bxe5 Qh4+ 9. g3 Qe4 10. Bxg7 Qxh1 11. Qh5+ Ke7 12. Kf2 Be6 13. Nf3 Nf6 14. Bxf6+ Kxf6 {0-1 (63) Nielsen,P (2654)-Anton Guijarro,D (2634) Berlin 2015}) 7... Bg4 (7... Nh6 $15 8. O-O O-O 9. Bxc6 bxc6 10. Nxe5 Bf5) 8. h3 $11 {The position is equal.} Bxf3 9. Qxf3 Nf6 10. O-O (10. Nc3 $5 {[%cal Rc3d5]}) 10... O-O 11. Nc3 e4 $146 ({Predecessor:} 11... Ne7 12. e4 c6 13. Bd3 Qd7 {0-1 (33) Owens,J (1806)-Chmela,Z (1904) LSS email 2014}) 12. Qf5 Ne7 13. Qe6+ Kh8 14. Ne2 (14. Be2 $11) 14... Qc8 (14... Ng6 $1 $15 15. Nd4 Be5) 15. Nd4 $14 Qxe6 16. Nxe6 Rf7 17. Ng5 Rff8 18. Ne6 Rf7 19. g4 $36 {[%mdl 2048] White is really pushing.} Kg8 20. Ng5 Rff8 21. Ne6 Rf7 22. Nxg7 Kxg7 23. g5 {[%mdl 64] Pin} Neg8 (23... Kg6 $16 {is a better defense.}) 24. Rf5 $18 {[%mdl 1088] Pin. White has strong compensation.} c6 25. Be2 $1 (25. gxf6+ $2 Kg6 $17) 25... Kg6 26. Raf1 Raf8 27. h4 h5 {...Ng4 is the strong threat.} 28. gxf6 Nxf6 29. Rg5+ $1 Kh6 {intending ...Ng4.} 30. Rff5 Be7 31. Be5 Nh7 $2 {[#]} (31... Kh7 {is more resistant.} 32. Bd4 Rg7) 32. Rxh5+ $2 (32. Rg3 $1 {[%csl Ge2][%cal Rf5h5][%mdl 512]} Ng5 33. hxg5+ Kg6 34. Rxf7 Rxf7 35. Bf4) 32... Kg6 33. Rxf7 Rxf7 34. Bf4 ({White should play} 34. Bg4 $18) 34... Bf6 (34... Rf5 $16 35. Rxf5 Kxf5) 35. Rh6+ Kg7 36. Bh5 Re7 37. Bg6 (37. Rg6+ $18 Kh8 38. Kh2) 37... Nf8 $16 38. Bf5 Rf7 39. Rh5 Bxh4 40. c4 Bf6 41. cxd5 cxd5 42. Bc8 d4 43. Bf5 Re7 44. Rh3 Ne6 $2 (44... dxe3 $16 45. dxe3 Re8) 45. Rg3+ ({Less strong is} 45. Bxe4 Nxf4 46. Rh7+ Kf8 $14) (45. Rh7+ $142 Kf8 46. Bd6 {[%mdl 64] Pin} (46. Bxe4 Nxf4 47. Rxe7 Nh3+ 48. Kh2 Kxe7 $14)) 45... Kf7 $18 46. Bg6+ Kg8 47. Bxe4+ Rg7 (47... Kh8 {was called for.}) 48. Bd5 Kf7 49. Rxg7+ Bxg7 {[%mdl 4096] Endgame KBB-KBN} 50. Bb8 dxe3 51. dxe3 a5 52. Bxb7 Nc5 53. Bd5+ Ke7 54. Bc7 Bc3 55. e4 Nd3 56. Bc4 (56. Kg2 $18) 56... Nc5 $16 57. e5 {And now Bd6+ would win.} Kd7 58. Bd6 Nb7 59. Bb8 (59. Bb5+ $16 Kd8 60. Ba3) 59... Kc8 (59... Bd4+ $1 $11 60. Kf1 Kc8) 60. Ba7 Bxe5 61. Bd5 ({Better is} 61. Be3 $16) 61... Kc7 (61... a4 $11 {remains equal.}) 62. Kf1 Bd6 63. Bf2 Bc5 $2 {[%mdl 8192]} (63... Nc5 $16) 64. Be1 $2 (64. Bxb7 $1 $18 {and the rest is easy.} Bxf2 65. Kxf2) 64... Kb6 $2 {[%mdl 8192] [#]} (64... Bb6 $16 65. Kg2 Nc5) 65. Bxb7 $1 $18 {[%mdl 64] Overworked Piece} Kxb7 66. Bxa5 {KB-KB} Ka6 67. Bc3 Ba3 68. Ke2 Kb5 69. Kd3 Bf8 70. a4+ Ka6 71. Kc4 Be7 72. Bd4 Ka5 73. Bc5 Bg5 74. Bd6 Bd2 75. Be5 Ka6 76. Bc3 Bg5 77. b4 {[%cal Bb3b4,Bb4b5][%mdl 32]} Bd8 78. b5+ Kb7 79. a5 Bc7 80. Kc5 Bd8 81. a6+ Ka8 82. Kc6 Kb8 83. Be5+ Ka8 84. Bc7 Be7 85. Bd6 (85. b6 $18 Bh4 86. b7+ Ka7 87. b8=Q+ Kxa6 88. Qb7#) 85... Bd8 86. Bc7 {Threatening mate with b6.} Be7 87. b6 {White threatens b7+ and mate.} Bd6 88. a7 {Accuracy: White = 54%, Black = 32%.} (88. b7+ $18 Ka7 89. b8=Q+ Kxa6 90. Qb7#) 1-0